| 000 | 00578nam a22001337a 4500 | ||
|---|---|---|---|
| 040 | _cRUA | ||
| 082 | _aAGR PHE 2011 B049 Or.1 | ||
| 100 | _aPHEANG, SARI. | ||
| 245 | _aStudy about issue of vegetable production in kandal province, ការសិក្សាអំពីបញ្ហាលើផលិតកម្មដំណាំបន្លែក្នុងខេត្តកណ្តាល | ||
| 260 |
_aPhnom Penh _bRUA _c2011 |
||
| 300 |
_aix; 41p. _bill. _c29cm. |
||
| 856 | _uhttps://drive.google.com/file/d/1BKZLp7KWcqNY0SKdBtG8S0-slf9ky02z/view?usp=sharing | ||
| 942 | _cAGR | ||
| 999 |
_c1297 _d1297 |
||